00757nam a22002057a 450000500170000001000150001702000260003203500140005803700090007208200150008110000270009624500810012325000060020426000360021027000820024630000210032894200290034999900190037895201540039720240905121019.0 aENG-141651 a9788178242101c595.00 aEN-125183 bDBAD a301.42421 aMenon, Nivedita971118 aRecovering Subversion:bFeminist Politics Beyond the Law/cBy Nivedita Menon a1 aRanikhetbPermanent Blackc2017 a'Himalyana' , Mall Road, Ranikhet CanttbRanikhete263645mperblack@gmail.com a271p.c21cm.(pb) 2ddccENh301.424mMENe1 c205592d205592 001040708NFICaLbLd2024-09-05eDelivery of Books Act Divisiong595.00l0o301.424 MENpEN-125183r2024-09-05 00:00:00t1v595.00w2024-09-05yEN